000 00746nam a22002297a 4500
005 20170124110041.0
010 _aA-294596
020 _c00.00
035 _aA-294596
037 _bCen Lib/Ret
040 _aDPL
_bEN
082 _a883.08
_bRAM
100 _aRamamurti, K. S.
_923683
245 _aRise of the Indian novel in English /
_cby K. S. Ramamurti
260 _c1987
_aNew Delhi
_bSterling Publishers
270 _bNew Delhi
_aL-10, Green Park Extension
_e110016
300 _axvii,305p. :
_c22cm(Hb)
500 _aIncludes bibliographical references and index
650 _aIndic fiction (English) -- History and criticism
_981090
650 _aIndic fiction (English)
_981091
942 _2ddc
_cEN
_h883.08
_mRAM
999 _c128528
_d128528